| 000 | 00552nam a2200181 i 4500 | ||
|---|---|---|---|
| 001 | 102568 | ||
| 003 | ES-MaACL | ||
| 005 | 20250817062553.0 | ||
| 007 | t| | ||
| 008 | 051117s1981 sp ||||1| spa d | ||
| 100 | 1 |
_aMerino Navarro, José Patricio. _980547 |
|
| 245 | 1 | 0 |
_aHacienda y Marina en Francia _b: siglo XVIII / _cJosé Patricio Merino Navarro. |
| 260 |
_aMadrid : _bFundación Juan March, _c1981. |
||
| 300 |
_a66 p. ; _c21 cm. |
||
| 710 | 2 |
_aFundación Juan March _94346 |
|
| 852 |
_aES-MaACL _jL-1421 _bR.102038 |
||
| 999 |
_c102568 _d102568 |
||